| 000 | 00517nam a22001817a 4500 | ||
|---|---|---|---|
| 005 | 20171010155104.0 | ||
| 010 | _aENG-120788 | ||
| 020 |
_a9789386191212 _c350.00 |
||
| 035 | _aEN-104320 | ||
| 037 | _bDBAD/PUB | ||
| 082 | _aN | ||
| 100 | _aSsood,Avijitt | ||
| 245 |
_aIt's never a break-up in love / _cby Avijitt Ssood |
||
| 260 |
_aNew Delhi _bLifi Publications _c2017 |
||
| 270 |
_a211,2nd floor, Gagandeep12, Rajendra Place _bNew Delhi _e110008 |
||
| 300 |
_ax,150p. _c20cm (Hb) |
||
| 942 |
_2ddc _cEN _hN _mSSO |
||
| 999 |
_c146424 _d146424 |
||